| 000 | 00668nam a2200217Ii 4500 | ||
|---|---|---|---|
| 003 | JO-AjNU | ||
| 008 | 230606s9999||||xx |||||||||||||| ||und|| | ||
| 020 | _a0-13-899022-0 | ||
| 040 |
_aJO-AjNU _beng _erda _cJO-AjNU |
||
| 041 | _aeng | ||
| 050 | 1 | 4 | _aHM786.S3846 1998 |
| 100 | 3 |
_aScott,W.Richard, _eauthor _92860 |
|
| 245 | 0 | 0 | _aOrganizations : Rational, Natural, and Open Systems |
| 250 | _a4 ed | ||
| 264 | 3 | 1 | _aLandon: prentice- Hall International,1998 |
| 300 |
_a416p _bIncludes references indexes(p362-416) |
||
| 336 |
_atext _btxt _2rdacontent |
||
| 337 |
_aunmediated _bn _2rdamedia |
||
| 338 |
_avolume _bnc _2rdacarrier |
||
| 650 | 4 |
_aOrganizations _92861 |
|
| 999 |
_aE1498 _c1498 _d1498 |
||